000 00501nam a2200181Ia 4500
001 2511
005 20260306144812.0
008 260306t2000||||xx |||||||||||||| ||spa||
041 _aESP
082 _a616.8914
_bC78
100 _aCormier, Willian H.
_eAUT
245 0 _aEstrategias de entrevista para terapeutas:
_bhabilidades básicas e intervenciones cognitivo-conductuales
260 _c2000
300 _a723 páginas :
_c21 cm.
650 _aGEN
654 _aCPS
942 _cLIB
_dJUS
_fJUS
_2ddc
_n
999 _c2511
_d2511